[Event "XX Sants Open 2018"]
[Site "Cotxeres de Sants"]
[Date "2018.08.21"]
[Round "5"]
[White "Demchenko, Anton"]
[Black "Quesada Perez, Yasser"]
[Result "1-0"]
[WhiteElo "2670"]
[BlackElo "2534"]
[Annotator "TA"]
[PlyCount "219"]
[EventDate "2018.08.17"]
[EventType "swiss"]
[EventCountry "ESP"]
[SourceTitle "playchess.com"]
[Source "ChessBase"]
[SourceQuality "1"]

{[%evp 19,219,1,18,14,36,33,33,21,25,17,43,43,28,35,80,78,114,91,90,85,190,183,180,188,260,241,242,246,244,247,242,234,226,237,254,243,264,234,347,272,327,331,352,335,339,325,320,272,262,262,266,226,231,231,252,223,221,205,220,194,206,181,183,182,182,180,197,197,208,188,204,210,226,217,213,197,196,196,222,216,216,196,201,183,201,179,180,179,189,181,194,118,118,118,135,128,152,151,152,152,152,118,152,152,158,158,159,158,158,152,158,127,152,152,152,152,152,152,152,152,158,158,158,158,158,145,145,145,145,145,145,129,145,145,152,145,152,145,150,130,145,143,254,247,377,377,356,347,472,472,472,472,472,453,465,460,458,435,465,458,29962,29966,29969,29970,29969,29967,29970,29971,29972,29973,29980,29967,29968,0,29966,29956,29940,924,29963,29963,9975,973,8396,8975,7035,6885,6443,880,802,713,29977,5836,4918,4918,29990,29979,29979,29980,29982,29983,29983,29984]} 1. e4 c5 2. Nf3 e6 3. g3 Nc6 4. Bg2 Nf6 5. Qe2 d6 6. O-O Be7 7. c3 e5 {C00: French: Unusual White 2nd moves} 8. Na3 O-O 9. d3 (9. Nc2 Re8 10. Rd1 Bf8 11. d3 b5 12. a4 b4 13. cxb4 cxb4 {0-1 (23) Vachier Lagrave,M (2795)-Grischuk,A (2750) chess.com INT 2017}) 9... Re8 10. Nc4 Bf8 {LiveBook: 3 Games} 11. Bg5 h6 12. Bxf6 Qxf6 13. Ne3 Qd8 14. Nd2 Be6 $146 ({Predecessor:} 14... Ne7 15. h4 Be6 16. h5 Qd7 17. a4 d5 18. exd5 Nxd5 19. Nxd5 Bxd5 20. Bxd5 Qxd5 21. Nc4 e4 {½-½ (21) Stevic,H (2626)-Sax,G (2436) Bol 2013}) 15. f4 exf4 16. gxf4 f5 17. Qf2 Qd7 18. Qg3 Ne7 19. Nf3 fxe4 (19... Rad8 $16) 20. dxe4 $18 Bf7 21. Rad1 Qe6 (21... Qc7 $142 22. f5 Rad8) 22. f5 Qxe4 23. Ng4 {Black must now prevent Nxh6+.} Nxf5 ({Wrong is} 23... Kh8 $2 24. Nfe5 $18) 24. Nf6+ $1 Kh8 25. Nxe4 Nxg3 26. Nxg3 Bxa2 {[#]} 27. Nh4 $1 Bb3 28. Rd2 ({Much less strong is} 28. Bxb7 $6 Rab8 $16) 28... Rad8 (28... Kg8 $142 29. Bxb7 Rab8) 29. Bxb7 Re6 30. Be4 Kg8 31. Ng6 Be7 {and the idea ...Bg5 leaves Black hopeful.} 32. Nxe7+ Rxe7 33. Bd5+ Bxd5 34. Rxd5 Rb8 35. Rd2 ({Don't do} 35. Rxd6 $6 Rxb2 36. Rd5 a5 $18) 35... d5 36. Rf5 Re1+ 37. Kg2 Rb1 38. Rff2 a5 39. Nf5 Rb7 40. Ne3 d4 41. cxd4 cxd4 42. Nc4 Ra1 43. Rxd4 Ra4 44. Rd8+ Kh7 45. Rc8 Rb5 46. Kf3 Ra1 47. Rg2 {And now Rc7 would win.} Re1 48. Ne3 {Threatens to win with Rc7.} Rb3 49. Rc3 Rb7 50. Rf2 a4 51. Kg2 Rb5 52. Nf5 Ree5 53. Ne3 Re7 54. Kf1 Reb7 55. Rc4 (55. Nc4 $18 {Nd6 is the strong threat.} Rc7 56. Rcc2) 55... Rxb2 $16 56. Rxa4 R2b5 57. Kg2 Re5 58. Nf5 Rbb5 59. Ng3 Rb7 60. Re4 Ra5 61. Rfe2 Rbb5 62. Re7 Rg5 63. Rf2 Ra3 64. Ref7 Rb3 65. R7f5 Rg6 66. Kh3 Ra3 67. Re5 Ra4 68. Rfe2 Rb6 69. Re7 Ra5 70. R2e4 Ra2 71. Rg4 Rg6 72. Rxg6 Kxg6 {[%mdl 4096] Endgame KRN-KR} 73. Re6+ Kg5 74. Re5+ Kf6 75. Rb5 Kg6 76. Ne4 Re2 77. Rb6+ Kf7 78. Ng3 Rf2 79. Nh1 Re2 80. Kg3 h5 (80... Re3+ $16 {keeps fighting.} 81. Kg2 Re6) 81. Nf2 $18 Re3+ (81... g5 $142 82. Rh6 Re3+ 83. Kg2 h4) 82. Kf4 Re2 83. Kf3 Ra2 84. h4 Ra1 85. Ne4 Rh1 86. Ng5+ Ke7 87. Re6+ Kf8 88. Re4 g6 89. Rf4+ Kg8 (89... Ke7 $18 90. Kg2 Ra1 91. Rf7+ Kd6 92. Rf6+ Ke5 93. Rxg6 Kf5) 90. Ke4 Re1+ 91. Kd5 Re2 92. Ne6 Re1 93. Kd6 Rg1 94. Ke5 Kh7 95. Kf6 Kh6 96. Ke5 $2 (96. Ke7 {mates} Ra1 97. Rf8 Kh7 98. Ng5+ Kh6 99. Rb8 Ra5 100. Ne6 Kh7 101. Rb7) 96... Re1+ $2 {[%mdl 8192] [#]} (96... Kh7 $11 97. Rf7+ Kg8) 97. Re4 Rf1 98. Ng5 (98. Ra4 $142 Rf5+ 99. Ke4 Rf6 100. Ra6 Rf1 101. Ra8 Kh7 102. Ng5+ Kh6 103. Rh8+ Kg7 104. Rh7+ Kg8 105. Rc7) 98... Rf2 99. Rf4 Re2+ 100. Kd4 (100. Kd6 $142 Ra2 101. Ne6) 100... Kg7 101. Rf7+ Kg8 102. Ra7 Rh2 103. Nf3 (103. Ke5 $142 Rf2 104. Nh7) 103... Rg2 104. Ke5 Rg4 105. Rd7 (105. Ng5 $142 Rb4 106. Kf6 Rb6+ 107. Ne6 Rb8 108. Kxg6 Kh8 109. Nf4 Rb6+ 110. Kg5) 105... Kf8 106. Ng5 {White threatens Nh7+ and mate.} Kg8 107. Rd4 {White mates.} Rxd4 108. Kxd4 Kg7 109. Ke5 Kh6 110. Ne6 {Precision: White = 61%, Black = 29%.} 1-0

[Event "XX Sants Open 2018"]
[Site "Cotxeres de Sants"]
[Date "2018.08.21"]
[Round "5"]
[White "Nisipeanu, Liviu Dieter"]
[Black "Sviridov, Valery"]
[Result "1/2-1/2"]
[WhiteElo "2657"]
[BlackElo "2528"]
[Annotator "TA"]
[PlyCount "73"]
[EventDate "2018.08.17"]
[EventType "swiss"]
[EventCountry "ESP"]
[SourceTitle "playchess.com"]
[Source "ChessBase"]
[SourceQuality "1"]

{[%evp 15,73,-9,-11,-9,0,-16,-5,-7,4,-4,0,0,0,0,0,0,-3,-65,-54,-56,-45,-92,-81,-88,-56,-62,-57,-66,-58,-74,-80,-80,-80,-80,-80,-75,-75,-77,-70,-79,-79,-83,-76,-82,-54,-54,-37,-44,-47,-41,-20,-32,-12,-16,-16,-24,0,0,0,0]} 1. c4 Nf6 2. Nc3 e5 3. Nf3 Nc6 4. d3 d5 5. cxd5 Nxd5 6. e3 Be7 7. Be2 O-O 8. O-O Be6 {LiveBook: 114 Partien. A28: Englische Eröffnung (Vierspringer-Variante)} 9. Nxd5 (9. a3 a5 10. Bd2 Kh8 11. Rc1 Nxc3 12. Rxc3 f6 13. Qa4 Nb4 14. e4 c5 15. Be3 b6 16. Nd2 Bd7 17. Qd1 {0-1 (42) Kramnik,V (2792)-Karjakin,S (2782) Paris 2018}) 9... Bxd5 10. b3 $146 ({Vorgänger:} 10. Bd2 Qd6 11. Bc3 Rad8 12. Qa4 f6 13. Rfd1 Qd7 14. Qc2 Nb4 15. Qb1 c5 16. a3 {½-½ (60) Sunye Neto,J (2375)-Timman,J (2625) Rio de Janeiro 1979}) 10... f5 11. Bb2 Bf6 12. Nd2 Qd7 13. Rc1 Rad8 14. a3 a5 15. Qc2 Qf7 16. Qc5 (16. Rcd1 $11) 16... Qg6 $1 $36 {[%csl Gd5][%cal Rg6g2][%mdl 2048] [#] Schwarz steht aktiver.} 17. e4 $1 {[%cal Re4d5]} fxe4 18. Nxe4 Be7 19. Qc2 Nd4 20. Bxd4 $1 exd4 21. a4 c6 22. Qd1 Kh8 23. Bf3 Bb4 24. Rb1 Qf5 25. Bg4 Qe5 26. Bf3 Qf4 27. Be2 Bxe4 28. dxe4 Qxe4 {[#] zielt auf ...d3 ab.} 29. Bd3 Qh4 30. Rb2 Rd6 31. g3 Qh3 32. Re2 Rh6 {[%csl Gh6][%cal Rh3h2]} 33. f4 Re6 34. Rxe6 Qxe6 35. Rf2 Re8 36. Re2 Qd7 37. Rxe8+ {Precision: Weiß = 84%, Schwarz = 68%.} 1/2-1/2

[Event "XX Sants Open 2018"]
[Site "Cotxeres de Sants"]
[Date "2018.08.21"]
[Round "5"]
[White "Illescas Cordoba, Miguel"]
[Black "Mingarro Carceller, Sergi"]
[Result "1-0"]
[WhiteElo "2605"]
[BlackElo "2363"]
[Annotator "TA"]
[PlyCount "123"]
[EventDate "2018.08.17"]
[EventType "swiss"]
[EventCountry "ESP"]
[SourceTitle "playchess.com"]
[Source "ChessBase"]
[SourceQuality "1"]

{[%evp 17,123,29,45,39,38,31,64,62,80,80,89,91,109,89,68,53,52,48,38,38,91,30,159,192,204,207,195,200,208,165,165,157,166,157,164,159,165,156,169,130,171,167,166,158,158,144,133,113,142,133,127,126,154,154,154,154,202,190,221,168,173,171,171,171,165,168,178,158,164,162,181,152,180,175,195,193,199,171,221,180,230,214,187,186,260,243,302,283,244,187,187,187,283,283,365,370,519,306,437,435,400,416,381,320,319,319,5691,5500]} 1. d4 d5 2. Nf3 Nf6 3. c4 e6 4. Nc3 Bb4 5. Bg5 dxc4 6. e4 b5 7. a4 {D39: Queen's Gambit Declined: Ragozin Defence with 5 Bg5 dxc4} c5 8. axb5 cxd4 9. Nxd4 h6 {LiveBook: 4 Games} 10. Be3 $146 ({Predecessor:} 10. Bxf6 Qxf6 11. b6 a5 12. Bxc4 O-O 13. O-O Bxc3 14. bxc3 Nd7 15. Nxe6 fxe6 {½-½ (57) Grischuk,A (2750)-Carlsen,M (2832) chess.com INT 2017}) 10... Nxe4 $1 11. Qa4 Bxc3+ 12. bxc3 {And now b6+ would win.} Nxc3 {[#]} 13. Qa3 $1 {[%cal Ra3c3]} ({Of course not} 13. Qxc4 Nd5 $11) 13... Nd5 14. Bxc4 Bb7 15. O-O Qe7 16. Bxd5 Bxd5 17. Rfc1 $36 {[%mdl 2048] [#] White wants to mate with Rc8+. White is more active.} Qxa3 18. Rxa3 Nd7 (18... O-O $14) 19. Rc7 (19. Nc6 $16) 19... Ne5 (19... Nb6 $11 {keeps the balance.}) 20. b6 $1 $16 ({Don't do} 20. Rcxa7 $6 O-O $14) ({But not} 20. Raxa7 $6 Rxa7 21. Rxa7 O-O $14) 20... a6 21. Bf4 Nc4 22. b7 Rd8 23. Rxc4 Bxc4 24. Rc3 Bd5 25. b8=Q Rxb8 26. Bxb8 O-O 27. Bc7 Ra8 28. Rc5 Ra7 29. h3 Rb7 30. Bf4 f6 31. Rc8+ Kh7 {Black wants to play ...e5.} 32. Bd2 Rb2 33. Rc2 Rb1+ 34. Kh2 Kg6 35. Rc7 Rb2 36. Be3 Ra2 37. Nc6 Be4 38. Ne7+ Kh7 39. Rc4 Bd3 40. Rd4 Bb5 41. Rd6 Bc4 42. Rc6 Bb3 43. Rc3 Ba4 44. Rc7 Bb3 45. Rb7 Bc4 46. Nc8 Bd3 47. Rd7 Bf5 48. Ra7 Bd3 49. Nd6 {Black must now prevent Ne8.} Bg6 50. Nb7 Bd3 (50... Kg8 {is a better defense.} 51. Nc5 e5 52. Rxa6 Rxa6) 51. g4 Ra1 52. Bd4 Ra2 53. Nd6 Bg6 54. Be3 Ra3 (54... Kg8 $142 55. h4 h5) 55. h4 $18 {[%cal Bh3h4,Bh4g5][%mdl 32]} h5 56. g5 fxg5 (56... Kh8 $142 57. gxf6 gxf6) 57. hxg5 Ra4 (57... Rd3 {was necessary.}) 58. Re7 Rh4+ 59. Kg3 Rg4+ 60. Kf3 a5 61. Ne8 Bc2 $2 (61... Bxe8 62. Rxe8 Rb4 63. Rxe6 g6) 62. Nf6+ {Precision: White = 65%, Black = 36%.} 1-0

[Event "XX Sants Open 2018"]
[Site "Cotxeres de Sants"]
[Date "2018.08.21"]
[Round "5"]
[White "Heimann, Andreas"]
[Black "Sochacki, Christophe"]
[Result "1-0"]
[WhiteElo "2590"]
[BlackElo "2455"]
[Annotator "ChessBase"]
[PlyCount "61"]
[EventDate "2018.08.17"]
[EventType "swiss"]
[EventCountry "ESP"]
[SourceTitle "playchess.com"]
[Source "ChessBase"]
[SourceQuality "1"]
[TimeControl "40/5400+30:1800+30"]

1. Nf3 {[%emt 0:00:00]} c5 {[%emt 0:01:50]} 2. e4 {[%emt 0:00:34]} d6 {[%emt 0:00:14]} 3. d4 {[%emt 0:00:06]} cxd4 {[%emt 0:00:04]} 4. Nxd4 {[%emt 0:00:04]} Nf6 {[%emt 0:00:05]} 5. Nc3 {[%emt 0:00:04]} g6 {[%emt 0:00:06]} 6. Be3 {[%emt 0:01:28]} Bg7 {[%emt 0:00:06]} 7. f3 {[%emt 0:00:02]} O-O {[%emt 0:00:20]} 8. Qd2 {[%emt 0:00:04]} Nc6 {[%emt 0:00:05]} 9. O-O-O {[%emt 0:00:07]} d5 {[%emt 0:00:16]} 10. exd5 {[%emt 0:00:06]} Nxd5 {[%emt 0:00:23]} 11. Nxc6 {[%emt 0:00:04]} bxc6 {[%emt 0:00:04]} 12. Bd4 {[%emt 0:00:05]} Bxd4 {[%emt 0:05:42]} 13. Qxd4 {[%emt 0:00:07]} Qb6 {[%emt 0:00:24]} 14. Na4 {[%emt 0:02:38]} Qc7 {[%emt 0:01:33]} 15. Bc4 {[%emt 0:06:01]} Rb8 {[%emt 0:11:22]} 16. Bb3 {[%emt 0:07:31]} Rb4 {[%emt 0:08:02]} 17. Qd2 {[%emt 0:01:02]} a5 18. a3 {[%emt 0:04:55]} Rf4 {[%emt 0:18:59]} 19. Rhe1 Bf5 {[%emt 0:27:35]} 20. g4 {[%emt 0:10:48]} Be6 21. Nc5 {[%emt 0:02:58]} a4 {[%emt 0:02:30]} 22. Ba2 {[%emt 0:02:50]} Bc8 23. c4 {[%emt 0:31:11]} Rxf3 {[%emt 0:05:53]} 24. cxd5 {[%emt 0:05:11]} cxd5 {[%emt 0:00:02]} 25. Qxd5 {[%emt 0:05:27]} Bxg4 {[%emt 0:00:11]} 26. Qe5 {[%emt 0:01:29]} Qc6 {[%emt 0:04:34]} 27. Qd4 {[%emt 0:00:05]} Bf5 {[%emt 0:06:06]} 28. Bd5 {[%emt 0:01:18]} Qb6 {[%emt 0:07:02]} 29. Bxf3 {[%emt 0:00:08]} Rc8 {[%emt 0:00:03]} 30. Re5 {[%emt 0:00:25]} Qb3 {[%emt 0:00:51]} 31. Rxf5 {[%emt 0:00:25]} 1-0

[Event "XX Sants Open 2018"]
[Site "Cotxeres de Sants"]
[Date "2018.08.21"]
[Round "5"]
[White "Moussard, Jules"]
[Black "Oliva Castaneda, Kevel"]
[Result "1-0"]
[WhiteElo "2566"]
[BlackElo "2479"]
[Annotator "TA"]
[PlyCount "103"]
[EventDate "2018.08.17"]
[EventType "swiss"]
[EventCountry "ESP"]
[SourceTitle "playchess.com"]
[Source "ChessBase"]
[SourceQuality "1"]

{[%evp 20,103,14,0,41,34,38,38,43,43,58,53,64,51,51,52,64,67,87,87,87,92,93,97,102,102,109,54,57,54,72,74,67,65,122,112,113,110,121,107,269,252,297,306,502,306,304,297,554,545,29988,29989,29989,29990,29990,392,386,378,373,375,375,373,364,345,339,363,516,453,595,438,421,419,594,527,652,598,2649,2877,1993,1893,1627,784,1790,1139,12837,854]} 1. e4 c5 2. Nf3 d6 3. d4 cxd4 4. Nxd4 Nf6 5. Nc3 a6 6. Be2 e5 7. Nf3 Be7 8. Bg5 Be6 9. Bxf6 Bxf6 10. O-O O-O 11. Nd5 {LiveBook: 12 Games. B92: Sicilian Najdorf: 6 Be2} (11. Qd2 Nc6 12. Nd5 Nd4 13. Nxf6+ Qxf6 14. Nxd4 exd4 15. Bd3 d5 16. Qe2 dxe4 17. Qxe4 g6 18. Qxb7 Rfb8 {½-½ (40) Grandelius,N (2647)-Kotronias,V (2524) Stockholm 2017}) 11... Bxd5 12. Qxd5 Qc7 13. Nd2 {White is slightly better.} Nc6 14. c3 Rad8 15. Rfd1 $146 ({Predecessor:} 15. Bf3 Bg5 {1-0 (36) Kobese,W (2415)-Chola,S (2235) Cairo 1998}) 15... Ne7 16. Qb3 Bg5 17. a4 Qc6 18. Bf3 b5 19. axb5 axb5 20. Nb1 Rb8 21. Na3 Qb6 22. Nc2 Nc6 23. Nb4 (23. Be2 $16) 23... Nxb4 $14 24. Qxb4 Bh4 25. g3 ({Inferior is} 25. Qxd6 Qxf2+ 26. Kh1 Qxb2 $17) 25... Be7 26. Bg4 Qb7 (26... Qc7 $14) 27. Rd5 $16 Qc7 28. Ra5 g6 29. Raxb5 f5 $2 (29... h5 $16) 30. exf5 $18 gxf5 {[#]} 31. Bxf5 $1 {[%mdl 512] Strongly threatening Qg4+.} Rxb5 $2 (31... Kh8 32. Rxb8 Qxb8) (31... Rxf5 32. Rxb8+) 32. Qg4+ Kh8 33. Rxb5 Qc6 $2 {[#]} (33... Bd8 {was worth a try.} 34. Qe4 Qf7) 34. Rb8 $3 {[%mdl 512] White wants to mate with Qh5!} Rxb8 35. Qh5 {[%csl Gf5][%cal Rh5h7]} Kg7 36. Qxh7+ Kf8 37. Be6 $2 (37. Qh8+ {mates} Kf7 38. Qxb8 Kg7 39. h4 Qd5 40. Bc2 Qg8 41. Qb7 Kf6 42. Qe4) 37... Ke8 38. Qg8+ Bf8 {aiming for ...Qc7.} 39. Qf7+ Kd8 {...Be7 is the strong threat.} 40. Qxf8+ {[%mdl 4096] Endgame KQR-KQB} Kc7 41. Qf7+ Kb6 42. Bd5 Qc5 (42... Qb5 {is a better defense.} 43. h4 Qe8) 43. h4 Ka6 44. Bc4+ Kb6 45. b4 Qc8 (45... Qc6 $142 46. h5 Rc8) 46. Qd5 {White is clearly winning.} Kc7 47. Kg2 Qg4 48. Qa5+ Kc8 49. Bd5 Qd7 50. c4 (50. h5 $142 Qc7 51. h6 Qxa5 52. bxa5) 50... Qe7 51. b5 e4 52. Qe1 {Precision: White = 76%, Black = 39%.} (52. b6 $142 e3 53. Qa6+ Kd8 54. Qa7 Rxb6 55. Qxb6+ Ke8 56. fxe3) 1-0

[Event "XX Sants Open 2018"]
[Site "Cotxeres de Sants"]
[Date "2018.08.21"]
[Round "5"]
[White "Vaibhav, Suri"]
[Black "Diaz Camallonga, Carles"]
[Result "1-0"]
[WhiteElo "2561"]
[BlackElo "2445"]
[Annotator "RC"]
[PlyCount "51"]
[EventDate "2018.08.17"]
[EventType "swiss"]
[EventCountry "ESP"]
[SourceTitle "playchess.com"]
[Source "ChessBase"]
[SourceQuality "1"]
[TimeControl "40/5400+30:1800+30"]

1. c4 {[%emt 0:00:00]} e6 {[%emt 0:00:00]} 2. g3 {[%emt 0:00:00]} Nf6 {[%emt 0:00:14]} 3. Bg2 {[%emt 0:00:01]} d5 {[%emt 0:00:08]} 4. Nf3 {[%emt 0:00:08]} Be7 {[%emt 0:00:17]} 5. O-O {[%emt 0:00:08]} O-O {[%emt 0:00:05]} 6. Ne5 {[%emt 0:00:16]} Qd6 {[%emt 0:05:19]} 7. d4 {[%emt 0:01:12]} dxc4 {[%emt 0:00:05]} 8. Na3 {[%emt 0:13:34]} Rd8 {[%emt 0:01:19]} 9. Qc2 {[%emt 0:02:12]} Qa6 {[%emt 0:03:14]} 10. e3 {[%emt 0:04:53]} c5 {[%emt 0:20:20]} 11. dxc5 {[%emt 0:00:56]} Bxc5 {[%emt 0:00:33]} 12. Naxc4 {[%emt 0:02:15]} Bd7 {[%emt 0:02:39]} 13. Nxf7 {[%emt 0:05:31]} Rc8 {[%emt 0:25:45]} 14. Nfe5 {[%emt 0:08:08]} Bb5 {[%emt 0:00:12]} 15. a4 {[%emt 0:09:23]} Bxc4 {[%emt 0:03:15]} 16. Nxc4 {[%emt 0:06:49]} Nbd7 {[%emt 0:07:29]} 17. b3 {[%emt 0:08:04]} Rab8 {[%emt 0:02:04]} 18. Bd2 {[%emt 0:01:52]} Nb6 {[%emt 0:03:36]} 19. Nxb6 {[%emt 0:03:35]} Qxb6 {[%emt 0:01:03]} 20. Rfc1 {[%emt 0:03:09]} a5 {[%emt 0:01:07]} 21. Qc4 {[%emt 0:02:27]} Kf7 {[%emt 0:01:32]} 22. Qf4 {[%emt 0:09:05]} Bd6 {[%emt 0:03:15]} 23. Bxa5 {[%emt 0:01:59]} Qa6 {[%emt 0:01:47]} 24. Qd4 {[%emt 0:04:13]} Bxg3 {[%emt 0:00:07]} 25. b4 Bd6 {[%emt 0:01:25]} 26. Bf1 {[%emt 0:03:45]} 1-0

[Event "XX Sants Open 2018"]
[Site "Cotxeres de Sants"]
[Date "2018.08.21"]
[Round "5"]
[White "Peralta, Fernando"]
[Black "Gukesh D"]
[Result "1/2-1/2"]
[WhiteElo "2556"]
[BlackElo "2440"]
[Annotator "ChessBase"]
[PlyCount "79"]
[EventDate "2018.08.17"]
[EventType "swiss"]
[EventCountry "ESP"]
[SourceTitle "playchess.com"]
[Source "ChessBase"]
[SourceQuality "1"]
[TimeControl "40/5400+30:1800+30"]

1. d4 {[%emt 0:00:00]} d5 {[%emt 0:00:00]} 2. c4 {[%emt 0:00:06]} c6 {[%emt 0:00:00]} 3. Nf3 {[%emt 0:00:21]} Nf6 {[%emt 0:00:03]} 4. Nc3 {[%emt 0:00:14]} e6 {[%emt 0:00:17]} 5. e3 {[%emt 0:00:25]} Nbd7 {[%emt 0:00:45]} 6. Qc2 {[%emt 0:00:15]} Bd6 {[%emt 0:00:50]} 7. b3 {[%emt 0:00:27]} O-O {[%emt 0:01:24]} 8. Be2 {[%emt 0:00:07]} e5 {[%emt 0:16:28]} 9. cxd5 {[%emt 0:01:04]} cxd5 {[%emt 0:00:50]} 10. Nb5 {[%emt 0:00:24]} Bb4+ {[%emt 0:12:53]} 11. Bd2 {[%emt 0:01:16]} Bxd2+ {[%emt 0:00:29]} 12. Nxd2 {[%emt 0:00:13]} e4 {[%emt 0:05:22]} 13. O-O {[%emt 0:02:04]} Ne8 {[%emt 0:04:12]} 14. Rfc1 {[%emt 0:04:56]} a6 {[%emt 0:06:11]} 15. Nc7 {[%emt 0:04:10]} Nxc7 {[%emt 0:00:22]} 16. Qxc7 {[%emt 0:00:05]} Nb8 {[%emt 0:07:13]} 17. Nb1 {[%emt 0:17:09]} Nc6 {[%emt 0:02:48]} 18. Qxd8 {[%emt 0:00:55]} Rxd8 {[%emt 0:00:02]} 19. Nc3 {[%emt 0:00:13]} Rd6 {[%emt 0:07:26]} 20. Na4 {[%emt 0:03:24]} Bd7 {[%emt 0:02:56]} 21. Nc5 {[%emt 0:03:13]} Nd8 {[%emt 0:01:08]} 22. a4 {[%emt 0:08:31]} Kf8 {[%emt 0:02:09]} 23. Ra2 {[%emt 0:11:05]} Be8 {[%emt 0:02:34]} 24. a5 {[%emt 0:01:06]} Bb5 {[%emt 0:05:16]} 25. Kf1 {[%emt 0:04:09]} Ke7 {[%emt 0:05:30]} 26. Rac2 {[%emt 0:05:17]} Bxe2+ {[%emt 0:03:15]} 27. Kxe2 {[%emt 0:00:12]} b6 {[%emt 0:01:58]} 28. Na4 {[%emt 0:05:40]} bxa5 {[%emt 0:00:10]} 29. Rc7+ {[%emt 0:00:06]} Ke8 {[%emt 0:00:43]} 30. R7c5 {[%emt 0:12:35]} Rb8 {[%emt 0:00:49]} 31. Nc3 {[%emt 0:00:25]} Rxb3 {[%emt 0:04:13]} 32. Nxd5 {[%emt 0:01:29]} Rb2+ {[%emt 0:00:06]} 33. Ke1 {[%emt 0:00:08]} Nb7 {[%emt 0:01:11]} 34. Rc8+ {[%emt 0:01:39]} Rd8 {[%emt 0:00:02]} 35. Rxd8+ {[%emt 0:01:49]} Kxd8 {[%emt 0:00:40]} 36. Rc6 {[%emt 0:03:20]} Kd7 {[%emt 0:03:31]} 37. Rxa6 {[%emt 0:00:44]} Rb1+ {[%emt 0:00:15]} 38. Ke2 {[%emt 0:04:39]} Rb2+ {[%emt 0:00:20]} 39. Ke1 {[%emt 0:00:06]} Rb1+ {[%emt 0:00:05]} 40. Ke2 {[%emt 0:00:00]} 1/2-1/2

[Event "XX Sants Open 2018"]
[Site "Cotxeres de Sants"]
[Date "2018.08.21"]
[Round "5"]
[White "Cuartas, Jaime Alexander"]
[Black "Esipenko, Andrey"]
[Result "1/2-1/2"]
[WhiteElo "2499"]
[BlackElo "2589"]
[Annotator "TA"]
[PlyCount "104"]
[EventDate "2018.08.17"]
[EventType "swiss"]
[EventCountry "ESP"]
[SourceTitle "playchess.com"]
[Source "ChessBase"]
[SourceQuality "1"]

{[%evp 9,104,0,4,0,-3,-17,-4,-7,0,0,0,0,0,0,0,0,9,0,0,-16,0,0,16,-6,0,-18,-11,-11,-8,-11,-9,-9,-12,-27,-22,-31,-8,-43,-43,-43,-43,-43,-43,-43,-48,-57,-43,-81,-29,-29,-7,-35,-35,-43,-29,-29,0,-43,0,-29,0,-29,0,-45,0,-61,-43,-43,-43,-50,-48,-48,0,0,0,0,0,0,0,0,0,0,0,0,0,0,0,0,0,0,0,0,0,0,0,0,0]} 1. d4 Nf6 2. c4 e6 3. Nc3 Bb4 4. Nf3 b6 5. Bg5 Bb7 {LiveBook: 1863 Games} 6. g3 {E12: Queen's Indian: Unusual White 4th moves, 4 a3, 4 Nc3 Bb7 5 a3 and 4 Nc3 Bb7} (6. Nd2 h6 7. Bh4 c5 8. d5 exd5 9. cxd5 O-O 10. e4 Re8 11. Be2 g5 12. Bg3 Bxc3 13. bxc3 Nxe4 14. Nxe4 Rxe4 15. O-O d6 {1-0 (25) Izoria,Z (2599)-Dragun,K (2610) chess.com INT 2018}) 6... Bxc3+ 7. bxc3 d6 $146 ({Predecessor:} 7... h6 8. Bxf6 Qxf6 9. Bg2 d6 10. Qd3 Nc6 11. e4 e5 12. d5 Na5 13. Nd2 {0-1 (44) Yamamoto,M-Cantero,R (1856) Asuncion 2016}) 8. Bg2 Nbd7 9. O-O h6 10. Bxf6 Nxf6 11. Nd2 Bxg2 12. Kxg2 c5 13. e3 O-O 14. Qf3 Qc7 15. a4 Rab8 16. Rfb1 Rfc8 17. Rb2 cxd4 18. cxd4 d5 19. cxd5 Nxd5 20. e4 Nf6 21. e5 Nd5 22. Ne4 $1 Qd7 23. a5 b5 24. Nc5 Qc6 25. Rc1 b4 26. h4 Qb5 27. a6 Rc6 28. Qb3 Rbc8 ({Black should try} 28... Nc7 $17 29. Ra1 Nxa6) 29. Rcc2 $11 R8c7 30. Kh2 Rb6 31. Qf3 Qc6 32. Qd3 Qb5 33. Qf3 Rbc6 34. Qb3 Rc8 35. Kg2 Rb6 {[%cal Bc6b6,Bb6b8,Bb8d8,Bd8d5][%mdl 32]} 36. Qf3 (36. Nxe6 $5 {[%cal Rc2c8]} Rxc2 37. Rxc2 Rxe6 38. Rc5 Nf4+ 39. gxf4 $11) 36... Rbb8 37. Kh2 (37. Rc1 $11) 37... Rc6 {[%cal Bc8c6,Bc6b6,Bb6b4][%mdl 32]} 38. Kg2 Ne7 39. Rc1 Rd8 40. Qe4 Rd5 41. Rcb1 {The position is equal.} Rb6 42. Rxb4 Qxb4 43. Rxb4 Rxb4 44. Qc2 Rd8 45. Nb7 Rc8 ({Avoid the trap} 45... Rdxd4 $2 46. Qc5 $18) 46. Qd2 Nd5 47. Nc5 Rc6 48. Qd3 Rc8 49. Qd2 Rc7 50. Qd1 Rc6 51. Qd3 Rc8 52. Qd2 Rc6 {Precision: White = 58%, Black = 48%.} 1/2-1/2